Las palabras prohibidas / (Record no. 194448)
[ view plain ]
| 000 -LEADER | |
|---|---|
| campo de control de longitud fija | 01962nam a2200361 i 4500 |
| 001 - NÚMERO DE CONTROL | |
| campo de control | 194448 |
| 003 - IDENTIFICADOR DE NÚMERO DE CONTROL | |
| campo de control | ES-MaACL |
| 005 - FECHA Y HORA DE LA ÚLTIMA TRANSACCIÓN | |
| campo de control | 20250825062650.0 |
| 008 - DATOS DE LONGITUD FIJA--INFORMACIÓN GENERAL | |
| campo de control de longitud fija | 240429b2024 sp ||||| |||| 00| 0 spa d |
| 017 ## - NÚMERO DE COPYRIGHT O DE DEPÓSITO LEGAL | |
| Número de copyright o de depósito legal | B 3290-2024 |
| 020 ## - NÚMERO INTERNACIONAL ESTÁNDAR DEL LIBRO | |
| Número Internacional Estándar del Libro | 9788409583751 |
| 040 ## - FUENTE DE CATALOGACIÓN | |
| Lengua de catalogación | spa |
| Centro/agencia transcriptor | ES-MaACL |
| 100 1# - ENTRADA PRINCIPAL--NOMBRE DE PERSONA | |
| Nombre de persona | Andrade, Eugénio de, |
| 9 (RLIN) | 21508 |
| Fechas asociadas al nombre | 1923-2005 |
| Término indicativo de función/relación | Autor |
| 245 ## - MENCIÓN DEL TÍTULO | |
| Título | Las palabras prohibidas / |
| Mención de responsabilidad, etc. | Eugenio de Andrade ; ilustraciones de Soledad Sevilla ; traducción de Miguel Losada |
| 250 ## - MENCION DE EDICION | |
| Mención de edición | Primera Edición: Febrero 2024 |
| 260 ## - PUBLICACIÓN, DISTRIBUCIÓN, ETC. | |
| Lugar de publicación, distribución, etc. | Barcelona, |
| Nombre del editor, distribuidor, etc. | Editorial La cama al sol, |
| Fecha de publicación, distribución, etc. | 2024 |
| 300 ## - DESCRIPCIÓN FÍSICA | |
| Extensión | 77 páginas ; |
| Dimensiones | 24 cm |
| 336 ## - TIPO DE CONTENIDO | |
| Fuente | rdacontent |
| Término de tipo de contenido | texto |
| 337 ## - TIPO DE MEDIO | |
| Fuente | rdamedia |
| Nombre/término del tipo de medio | sin mediación |
| 338 ## - TIPO DE SOPORTE | |
| Fuente | rdacarrier |
| Nombre/término del tipo de soporte | volumen |
| 520 ## - RESUMEN, ETC. | |
| Sumario, etc. | Así es como definió Jorge Luis Borges al poeta Eugénio de Andrade, como “el amigo más íntimo del sol”, quizás porque la suya es una obra que siempre parece estar reclamando la dignidad del hombre, en busca de esa Materia solar, que daría título a uno de sus libros más conocidos. Andrade, piedra fundamental en la consolidación de la moderna poesía portuguesa, pasó la mayor parte de su vida en la ciudad de Oporto, alejado de los fastos mundanos y de los discursos de cualquier tipo, y allí se conserva su casa en la desembocadura del Duero, frente al mar. |
| 655 #7 - TERMINO DE INDIZACIÓN--GENERO/FORMA | |
| Fuente del término | tgfbne |
| 9 (RLIN) | 176539 |
| Datos o término principal de género/forma | Poesías |
| 655 #7 - TERMINO DE INDIZACIÓN--GENERO/FORMA | |
| Fuente del término | tgfbne |
| Datos o término principal de género/forma | Libros ilustrados |
| 9 (RLIN) | 193653 |
| 700 ## - ENTRADA AGREGADA--NOMBRE PERSONAL | |
| Nombre de persona | Sevilla, Soledad, |
| Fechas asociadas al nombre | 1944- |
| Término indicativo de función/relación | Ilustrador |
| 9 (RLIN) | 238714 |
| 700 1# - ENTRADA AGREGADA--NOMBRE PERSONAL | |
| 9 (RLIN) | 74261 |
| Nombre de persona | Losada, Miguel |
| Término indicativo de función/relación | Traductor |
| 852 ## - LOCALIZACIÓN | |
| Ubicación | ES-MaACL |
| Sublocalización o colección | R.155124 |
| Ubicación en estantería | Depósito J |
| Número de control de estantería | N-9903 |
| Donativo/Legado | Donación: Miguel Losada |
| Encuadernación | Encuadernación rústica con solapas |
| itemnumber | 205817 |
| 903 ## - NOMBRE PERSONAL DE DONANTE | |
| 9 | 74261 |
| a | Losada, Miguel |
| e | Donante |
| 942 ## - ELEMENTOS DE ENTRADA SECUNDARIOS (KOHA) | |
| Tipo de ítem Koha | Libro impreso |
| Suprimir en OPAC | No |
| Estatus retirado | Estado de pérdida | Fuente del sistema de clasificación o colocación | Estado de daño | No para préstamo | Biblioteca de origen | Biblioteca actual | Ubicación en estantería | Fecha de adquisición | Fuente de adquisición | Total de préstamos | Signatura topográfica completa | Código de barras | Visto por última vez | Precio de reemplazo | Tipo de ítem Koha |
|---|---|---|---|---|---|---|---|---|---|---|---|---|---|---|---|
| Clasificación decimal universal | Biblioteca del Ateneo de Madrid | Biblioteca del Ateneo de Madrid | Depósito J | 26/05/2025 | Donación | N-9903 | 101230164 | 26/05/2025 | 26/05/2025 | Libro impreso |
